| 000 | 00759nam a22002177a 4500 | ||
|---|---|---|---|
| 003 | OSt | ||
| 005 | 20250609013757.0 | ||
| 008 | 250609t1988 |||||||| |||| 00| | eng d | ||
| 020 | _a0-85110-636-6 | ||
| 040 | _cJMCFI - Learning Resource Center | ||
| 082 | _aGen.Ref. 230.'03'21 N532 1988 | ||
| 245 |
_aNew dictionary of theology / _cSinclair B. Ferguson, David F. Wright, and J. I. Packer. editors. |
||
| 260 |
_aEngland : _bInter-Varsity press, _c1988. |
||
| 300 |
_axix, 738 pages ; _c25 cm |
||
| 500 | _aIncludes bibliographical references. | ||
| 650 |
_aTheology _vDictionaries. _935223 |
||
| 700 |
_aFerguson, Sinclair B _eeditor. _935224 |
||
| 700 |
_aWright, David F _eeditor. _935225 |
||
| 700 |
_aPacker, J. I. _eeditor. _935226 |
||
| 942 |
_2ddc _cBK _n0 |
||
| 999 |
_c11032 _d11032 |
||